=LDR 00000nam 2200000 4500 =001 INLIS000000000000845 =005 20130612085252 =008 ***********************************Ind** =035 ##$$0010-061300000000845 =041 ##$$a Ind =082 ##$$a 92(Kartanegara) =090 ##$$a 92(Kartanegara), Kar-c =100 ##$$a Kartanegara, M. Fahrud =245 ##$$a Catatan seorang aktivis kampus, M. Fahrud Kartanegara =260 ##$$a 1994 $b Jakarta =300 ##$$a vi, 72 hlm, 21 cm =650 ##$$a Kartanegara, M =650 ##$$a Fahrud =850 ##$$a NBPNMAT